000 00430nam a2200181Ia 4500
005 20240823062706.0
008 240823s9999||||xx |||||||||||||| ||und||
041 _aENGLISH
082 _A621.31913 N5
100 _aWadhwa C L
245 0 _aHigh Voltage Engineering
250 _a1st
260 _c1995
_b"New Age, New Delhi"
500 _aTRANSFERED
650 _aHigh Voltage
_bElectrical
942 _cBK
999 _c236486
_d236486